000 00327nam a2200133 i 4500
001 bg
100 1 _aJastrzębski, Zbigniew D.
245 0 _aWłasności tworzyw konstrukcyjnych /
_cZ. Jastrzębski.
260 _aWarszawa,
_c1962.
040 _cBPK
041 _apol
942 _cKS
008 s pl f |000 0 pol
999 _c4358
_d4358
856 _uhttp://koha.tu.koszalin.pl/cgi-bin/koha/opac-detail.pl?biblionumber=4358
_yKatalog online BPK